|
|
|
|
| LEADER |
00000nab a2200000 a 4500 |
| 001 |
vtls011127133 |
| 003 |
SK-MaSNL |
| 005 |
20260303222144.0 |
| 008 |
230207|1999 xo |||||||||||||||||slo| |
| 015 |
|
|
|a SNBRB
|
| 035 |
|
|
|a (uuid)a8b6bf23-a429-4d01-b8f5-e7416fdc6cb5
|
| 035 |
|
|
|a (urnnbn)urn:nbn:sk:snk:ar-a09fwh
|
| 035 |
|
|
|a urn:nbn:sk:snk-aba4j2
|
| 040 |
|
|
|a SNKBUCL
|b slo
|c SNKBUCL
|e AACR2
|
| 041 |
0 |
|
|a slo
|
| 044 |
|
|
|a xo
|c SK
|
| 100 |
1 |
|
|a Ľuptáčik, Peter,
|d 1974-
|4 aut
|9 68520
|
| 245 |
1 |
0 |
|a ABUNDANCIA A DYNAMIKA SPOLOČENSTIEV PÔDNYCH MAKROARTROPODA V ZÁDIELSKEJ TIESŇAVE
|c Peter Ľuptáčik
|
| 773 |
0 |
|
|t Natura Carpatica : zborník Východoslovenského múzea
|g Roč. 40, č. 1 (1999), s. 89-100
|
| 954 |
|
|
|a odborná, vedecká literatúra pôvodná (slovenská)
|2 lita
|
| 958 |
|
|
|a OND
|
| 958 |
|
|
|a EUIPO
|
| 958 |
|
|
|a article13
|
| 999 |
|
|
|c 2238549
|d 2240479
|